Agrippina / (Record no. 196114)

MARC details
000 -LEADER
campo de control de longitud fija 02772njm a2200565 i 4500
001 - NÚMERO DE CONTROL
campo de control 196114
003 - IDENTIFICADOR DE NÚMERO DE CONTROL
campo de control ES-MaACL
005 - FECHA Y HORA DE LA ÚLTIMA TRANSACCIÓN
campo de control 20250904042304.0
007 - CAMPO FIJO DE DESCRIPCIÓN FÍSICA--INFORMACIÓN GENERAL
campo de control de longitud fija sd*fsngnnmmned
008 - DATOS DE LONGITUD FIJA--INFORMACIÓN GENERAL
campo de control de longitud fija 240209s2007 sp opn d / ita
015 ## - NÚMERO DE BIBLIOGRAFÍA NACIONAL
Número de bibliografía nacional SON07
017 ## - NÚMERO DE COPYRIGHT O DE DEPÓSITO LEGAL
Número de copyright o de depósito legal M 35012-2007
Agencia que asigna Oficina Depósito Legal Madrid
020 ## - NÚMERO INTERNACIONAL ESTÁNDAR DEL LIBRO
Número Internacional Estándar del Libro 9788496832794
035 ## - NÚMERO DE CONTROL DEL SISTEMA
Número de control de sistema (OCoLC)431113745
035 ## - NÚMERO DE CONTROL DEL SISTEMA
Número de control de sistema (SpMaBN)a4580571
040 ## - FUENTE DE CATALOGACIÓN
Centro catalogador/agencia de origen SpMaBN
Lengua de catalogación spa
Centro/agencia transcriptor SpMaBN
Normas de descripción rdc
100 1# - ENTRADA PRINCIPAL--NOMBRE DE PERSONA
Nombre de persona Handel, George Frideric,
Fechas asociadas al nombre 1685-1759
9 (RLIN) 240517
Término indicativo de función/relación Compositor
240 10 - TÍTULO UNIFORME
Título uniforme Agrippina
245 10 - MENCIÓN DEL TÍTULO
Título Agrippina /
Mención de responsabilidad, etc. Haendel ; libreto de Vincenzo Grimani
Medio [Grabación sonora]
260 ## - PUBLICACIÓN, DISTRIBUCIÓN, ETC.
Lugar de publicación, distribución, etc. Madrid :
Nombre del editor, distribuidor, etc. Prisa Innova,
Fecha de publicación, distribución, etc. D.L. 2007
264 ## - PRODUCCIÓN, PUBLICACIÓN, DISTRIBUCIÓN, FABRICACIÓN Y COPYRIGHT
Producción, publicación, distribución, fabricación y copyright ©2007
300 ## - DESCRIPCIÓN FÍSICA
Extensión 2 discos (CD Audio) +
Material acompañante/anejo 1 libro (77 páginas)
336 ## - TIPO DE CONTENIDO
Fuente rdacontent
Término de tipo de contenido música (interpretada)
337 ## - TIPO DE MEDIO
Fuente rdamedia
Nombre/término del tipo de medio audio
338 ## - TIPO DE SOPORTE
Fuente rdacarrier
Nombre/término del tipo de soporte volumen
490 1# - MENCIÓN DE SERIE
Mención de serie Los clásicos de la ópera, 400 años ;
Designación de volumen o secuencia 34
511 1# - NOTA DE PARTICIPANTES O INTÉRPRETES
Nota de participantes o intérpretes Véronique Gens, Philippe Jaroussky, Ingrid Perruche, Nigel Smith, Thierry Grégoire, Bernard Deletré, Fabrice di Falco, Alain Buet ; La Grande Écurie et La Chambre du Roy ; Jean-Claude Malgoire, director musical.
518 ## - NOTA DE FECHA/HORA Y LUGAR DE UN ACONTECIMIENTO
Nota de fecha/hora y lugar de un acontecimiento Grabado en el Teatro Municipal de Tourcoing, Francia, en marzo de 2003
520 ## - RESUMEN, ETC.
Sumario, etc. El estreno de Agrippina en Venecia a finales de 1709 supuso la triunfal despedida de Haendel de Italia, donde maduraría y refinaría su estilo. Allí perfeccionó su técnica, flexibilizó la rigidez germánica, eliminó el desequilibrio entre erudición y lirismo, desarrolló sus innatas condiciones como melodista y se dejó contagiar por el indefinible sentido de la cantabilità italiana.
650 #7 - PUNTO DE ACCESO ADICIONAL DE MATERIA--TÉRMINO DE MATERIA
Término de materia o nombre geográfico como elemento de entrada Óperas-
9 (RLIN) 137584
Subdivisión de forma Libretos
655 #7 - TERMINO DE INDIZACIÓN--GENERO/FORMA
Datos o término principal de género/forma Libretos
Fuente del término
9 (RLIN) 242219
700 1# - ENTRADA AGREGADA--NOMBRE PERSONAL
Nombre de persona Grimani, Vincenzo-
Título de la obra Agrippina-
Lenguaje de la obra Español-Italiano
9 (RLIN) 238323
Término indicativo de función/relación Libretista
700 1# - ENTRADA AGREGADA--NOMBRE PERSONAL
Nombre de persona Gens, Véronique
9 (RLIN) 238324
Término indicativo de función/relación Intérprete
700 1# - ENTRADA AGREGADA--NOMBRE PERSONAL
Nombre de persona Jaroussky, Philippe,
Fechas asociadas al nombre 1978-
9 (RLIN) 238325
Término indicativo de función/relación Intérprete
700 1# - ENTRADA AGREGADA--NOMBRE PERSONAL
Nombre de persona Perruche, Ingrid
9 (RLIN) 238326
Término indicativo de función/relación Intérprete
700 1# - ENTRADA AGREGADA--NOMBRE PERSONAL
Nombre de persona Smith, Nigel
9 (RLIN) 238327
Término indicativo de función/relación Intérprete
700 1# - ENTRADA AGREGADA--NOMBRE PERSONAL
Nombre de persona Grégoire, Thierry
9 (RLIN) 238112
Término indicativo de función/relación Intérprete
700 1# - ENTRADA AGREGADA--NOMBRE PERSONAL
Nombre de persona Deletré, Bernard
9 (RLIN) 238328
Término indicativo de función/relación Intérprete
700 1# - ENTRADA AGREGADA--NOMBRE PERSONAL
Nombre de persona Di Falco, Fabrice
9 (RLIN) 238329
Término indicativo de función/relación Intérprete
700 1# - ENTRADA AGREGADA--NOMBRE PERSONAL
Nombre de persona Buet, Alain
9 (RLIN) 238330
Término indicativo de función/relación Intérprete
700 1# - ENTRADA AGREGADA--NOMBRE PERSONAL
Nombre de persona Malgoire, Jean-Claude
Fechas asociadas al nombre 1940-
9 (RLIN) 238331
Término indicativo de función/relación Director musical
710 2# - ENTRADA AGREGADA--NOMBRE DE ENTIDAD CORPORATIVA
Nombre de entidad corporativa o nombre de jurisdicción como elemento de entrada La Grande Écurie et la Chambre du Roy
9 (RLIN) 238332
852 ## - LOCALIZACIÓN
Ubicación ES-MaACL
Sublocalización o colección R-155046
Ubicación en estantería Depósito J
Número de control de estantería N-9829
Donativo/Legado Donación: Miren Fernández
Encuadernación Encuadernación cartoné
Designación de la unidad física Volumen 34
itemnumber 205787
903 ## - NOMBRE PERSONAL DE DONANTE
a Fernández, Miren
e Donante
942 ## - ELEMENTOS DE ENTRADA SECUNDARIOS (KOHA)
Tipo de ítem Koha Libro impreso
Suprimir en OPAC No
Holdings
Estatus retirado Estado de pérdida Fuente del sistema de clasificación o colocación Estado de daño No para préstamo Biblioteca de origen Biblioteca actual Ubicación en estantería Fecha de adquisición Fuente de adquisición Total de préstamos Signatura topográfica completa Código de barras Visto por última vez Precio de reemplazo Tipo de ítem Koha
    Clasificación decimal universal     Biblioteca del Ateneo de Madrid Biblioteca del Ateneo de Madrid Depósito J 24/05/2025 Donación   N-9829 101230134 24/05/2025 24/05/2025 Libro impreso